| Tag |
First Indicator |
Second Indicator |
Subfields |
| LEADER |
00000cam a2200000I 4500 |
| 001 |
in00002664621 |
| 005 |
20151202093503.0 |
| 008 |
980122m19301937dk ab 001 0 dan d |
| 016 |
7 |
|
|a CAT10717646
|2 DNAL
|
| 035 |
|
|
|a (OCoLC)ocm38240190
|
| 035 |
|
|
|a (OCoLC)38240190
|
| 040 |
|
|
|a GZM
|c GZM
|d OCLCQ
|d AGL
|d TXA
|d UtOrBLW
|
| 043 |
|
|
|a e-dk---
|
| 049 |
|
|
|a TXAM
|
| 070 |
0 |
|
|a 33.11
|b H192
|
| 072 |
|
0 |
|a A000
|
| 090 |
|
|
|a S469.D4
|b H36 1930
|
| 100 |
1 |
|
|a Hansen, Jens Jørgen,
|d 1869-
|
| 245 |
1 |
0 |
|a Større danske landbrug. :
|b Statistik, topografisk, historisk haandbog /
|c Udarbejdet af forstander J.J. Hansen.
|
| 264 |
|
1 |
|a København :
|b A. Kappel og V. Richter Friis,
|c 1930-37.
|
| 300 |
|
|
|a 9 volumes :
|b illustrations, folded maps. ;
|c 26 cm.
|
| 336 |
|
|
|a text
|b txt
|2 rdacontent
|
| 337 |
|
|
|a unmediated
|b n
|2 rdamedia
|
| 338 |
|
|
|a volume
|b nc
|2 rdacarrier
|
| 500 |
|
|
|a Includes index.
|
| 650 |
|
0 |
|a Agriculture
|z Denmark.
|
| 650 |
|
0 |
|a Agriculture
|z Denmark
|x History.
|
| 948 |
|
|
|a cataloged
|b h
|c 2010/11/1
|d c
|e hgolay
|f 10:34:01 am
|
| 994 |
|
|
|a C0
|b TXA
|
| 999 |
|
|
|a MARS
|
| 999 |
f |
f |
|s 85cb0b9c-8b10-36b7-9484-0121f25bc3f5
|i 32880dd0-c48b-3716-979e-4739f34b0ced
|t 0
|
| 952 |
f |
f |
|p noncirc
|a Texas A&M University
|b College Station
|c Cushing Memorial Library & Archives
|d Cushing: Dykes (Does not check out)
|t 0
|e S469.D4 H36 1930
|h Library of Congress classification
|i unmediated -- volume
|k v.5
|
| 952 |
f |
f |
|p noncirc
|a Texas A&M University
|b College Station
|c Cushing Memorial Library & Archives
|d Cushing: Dykes (Does not check out)
|t 0
|e S469.D4 H36 1930
|h Library of Congress classification
|i unmediated -- volume
|k v.6
|
| 952 |
f |
f |
|p noncirc
|a Texas A&M University
|b College Station
|c Cushing Memorial Library & Archives
|d Cushing: Dykes (Does not check out)
|t 0
|e S469.D4 H36 1930
|h Library of Congress classification
|i unmediated -- volume
|k v.3
|
| 952 |
f |
f |
|p noncirc
|a Texas A&M University
|b College Station
|c Cushing Memorial Library & Archives
|d Cushing: Dykes (Does not check out)
|t 0
|e S469.D4 H36 1930
|h Library of Congress classification
|i unmediated -- volume
|k v.1
|
| 952 |
f |
f |
|p noncirc
|a Texas A&M University
|b College Station
|c Cushing Memorial Library & Archives
|d Cushing: Dykes (Does not check out)
|t 0
|e S469.D4 H36 1930
|h Library of Congress classification
|i unmediated -- volume
|k v.7
|
| 952 |
f |
f |
|p noncirc
|a Texas A&M University
|b College Station
|c Cushing Memorial Library & Archives
|d Cushing: Dykes (Does not check out)
|t 0
|e S469.D4 H36 1930
|h Library of Congress classification
|i unmediated -- volume
|k v.4
|
| 952 |
f |
f |
|p noncirc
|a Texas A&M University
|b College Station
|c Cushing Memorial Library & Archives
|d Cushing: Dykes (Does not check out)
|t 0
|e S469.D4 H36 1930
|h Library of Congress classification
|i unmediated -- volume
|k v.8
|
| 952 |
f |
f |
|p noncirc
|a Texas A&M University
|b College Station
|c Cushing Memorial Library & Archives
|d Cushing: Dykes (Does not check out)
|t 0
|e S469.D4 H36 1930
|h Library of Congress classification
|i unmediated -- volume
|k v.2
|
| 952 |
f |
f |
|p noncirc
|a Texas A&M University
|b College Station
|c Cushing Memorial Library & Archives
|d Cushing: Dykes (Does not check out)
|t 0
|e S469.D4 H36 1930
|h Library of Congress classification
|i unmediated -- volume
|k v.9
|
| 998 |
f |
f |
|a S469.D4 H36 1930
|s v.1-v.9
|t 0
|l Cushing: Dykes (Does not check out)
|